000 01405nam a22002777a 4500
005 20090316110612.0
008 090316t xxu||||| |||| 00| 0 hin d
010 _aHIN-90992
020 _c195.00
_a9788188029852
035 _aHN-63338
037 _bDBAD / PUB
040 _aDPL
_bHN
082 _a882
100 _924114
_aशेक्सपियर, विलियम
245 _aबारहवीं रात /
_cविलियम शेक्सपियर; मृदुला जयन्त घराई द्वारा अनुदित
260 _aदिल्ली
_bजनचेतना प्रकाशन
_c2010
270 _a64-ए,फेस-3,पॉकेट-डी,एल.आई.जी फ्लैट्स, दीप एन्कलेव, अशोक विहार
_bदिल्ली
_e110052
300 _a112 पृ.
_c22सेमी (सजिल्द)
_bसचित्र
490 _aविलियम शेक्सपियर की विश्व विख्यात कृति
_924376
650 _91169
700 _924212
_aमृदुला जयन्त घराई
700 _924373
700 _924219
942 _2ddc
_cHN
_mशेक्सपि
_h882
999 _c48621
_d48621